Property funds to be regulated at EU level (Record no. 81875)

MARC details
000 -LEADER
fixed length control field 01022cad a22002055a 4500
001 - CONTROL NUMBER
control field E148531
008 - FIXED-LENGTH DATA ELEMENTS--GENERAL INFORMATION
fixed length control field 090930e20090922xxk f 001 0 eng d
035 ## - SYSTEM CONTROL NUMBER
System control number (Sirsi) u148531
041 0# - LANGUAGE CODE
Language code of text/sound track or separate title eng
110 2# - MAIN ENTRY--CORPORATE NAME
Corporate name or jurisdiction name as entry element Royal Institution of Chartered Surveyors
9 (RLIN) 4900
245 00 - TITLE STATEMENT
Title Property funds to be regulated at EU level
Medium [electronic resource]
260 ## - PUBLICATION, DISTRIBUTION, ETC.
Date of publication, distribution, etc. 2009
490 #0 - SERIES STATEMENT
Series statement RICS Press Release
Volume/sequential designation 22 September 2009
520 ## - SUMMARY, ETC.
Summary, etc. A proposal of the European Commission to regulate "Alternative Investment Funds", originally intended for Hedge Funds and Private Equity Funds, now also includes Property Funds. RICS has reservations to this one-size-fits-all approach, due to the specific characteristics of Property Funds, as well as to the valuation aspect of the proposal.
590 ## - LOCAL NOTE (RLIN)
Local note KA
651 #4 - SUBJECT ADDED ENTRY--GEOGRAPHIC NAME
Geographic name United Kingdom
Chronological subdivision
690 ## - LOCAL SUBJECT ADDED ENTRY--TOPICAL TERM (OCLC, RLIN)
Topical term or geographic name as entry element PROPERTY-PROPERTY FINANCE AND INVESTMENT
856 40 - ELECTRONIC LOCATION AND ACCESS
Uniform Resource Identifier <a href="https://www.rics.org/site/scripts/news_article.aspx?newsID=868">https://www.rics.org/site/scripts/news_article.aspx?newsID=868</a>
Public note View the news release free of charge at www.rics.org...
942 ## - ADDED ENTRY ELEMENTS (KOHA)
Suppress in OPAC 0
Holdings
Withdrawn status Lost status Source of classification or shelving scheme Damaged status Not for loan Home library Current library Shelving location Date acquired Total Checkouts Full call number Barcode Date last seen Copy number Price effective from Koha item type
    Dewey Decimal Classification     Virtual Virtual Online 30/09/2009   ONLINE PUBLICATION 148531-2001 06/08/2019 1 06/08/2019 Journal article